000 00666nam a2200217Ia 4500
003 GCL
005 20240530101911.0
008 140319s9999 xx 000 0 ara d
040 _aGCL /
_cGCL
082 0 4 _a811.009
_bش ف
100 1 _aشوقى ضيف
245 1 0 _aالفن ومذاهبه فى الشعر العربى /
_cشوقى ضيف
260 _aالقاهرة :
_bدار المعارف ،
_c1993
300 _a523 ص
490 _aمكتبة الدراسات الادبية
_v0
650 0 4 _aالشعر العربى
650 0 4 _aالعصر الحديث
650 0 4 _aالعصر الجاهلى
650 0 4 _aالمجموعات
942 _2ddc
_cBK
999 _c28564
_d28564